| 000 | 00457nam a2200169Ia 4500 | ||
|---|---|---|---|
| 003 | GCL | ||
| 008 | 140319s9999 xx 000 0 eng d | ||
| 040 |
_aGCL / _cGCL |
||
| 082 | 0 | 4 |
_a5.13 _bM A |
| 100 | 1 | _aMITCHELL, RICHARD | |
| 245 | 1 | 0 |
_aABSTRACT DATA TYPES AND MODULA-2 / _cMITCHELL, RICHARD |
| 260 |
_a[S.N] : _bPRENTICE HALL ، _c1992 |
||
| 300 | _a389 P | ||
| 650 | 0 | 4 | _aABSTRACT DATA TYPES |
| 650 | 0 | 4 | _aCOMPUTER PROGRAM LANGUAGE |
| 942 |
_2ddc _cBK |
||
| 999 |
_c24523 _d24523 |
||